[Event "Girona Territorial-ch"]
[Site "Girona"]
[Date "2014.11.23"]
[Round "8"]
[White "Molina Carretero, Daniel"]
[Black "Genover Rodriguez, Ignasi"]
[Result "1-0"]
[WhiteElo "2217"]
[BlackElo "1976"]
[PlyCount "59"]
[EventDate "2014.10.05"]
[EventType "swiss"]
[EventRounds "9"]
[EventCountry "CAT"]
[SourceTitle "CBM 163 Extra"]
[Source "ChessBase"]
[SourceDate "2014.12.23"]
[SourceVersion "1"]
[SourceVersionDate "2014.12.23"]
[SourceQuality "1"]

1. e4 c5 2. Nf3 d6 3. d4 cxd4 4. Nxd4 Nf6 5. Nc3 a6 6. Be3 Ng4 7. Bc1 Nf6 8. Be2 Nc6 9. Be3 g6 10. Qd2 Ng4 11. Bxg4 Bxg4 12. h3 Bd7 13. f4 Bg7 14. 0-0 0-0 15. Rad1 Rc8 16. Nd5 e6 17. Nc3 Ne7 18. Nde2 d5 19. f5 exf5 20. exd5 Re8 21. Bd4 f6 22. Nf4 Qa5 23. Rfe1 g5 24. Nh5 Ng6 25. Nxg7 Kxg7 26. Qxg5 Qd8 27. Rxe8 Bxe8 28. Qxf5 Bd7 29. Bxf6+ Qxf6 30. Qxd7+ 1-0

[Event "Girona op 1st"]
[Site "Girona"]
[Date "2010.07.18"]
[Round "6"]
[White "Perez Lopez, Josep Antoni"]
[Black "Genover Rodriguez, Ignasi"]
[Result "1/2-1/2"]
[WhiteElo "2003"]
[BlackElo "1758"]
[PlyCount "63"]
[EventDate "2010.07.13"]
[EventType "swiss"]
[EventRounds "9"]
[EventCountry "ESP"]
[SourceTitle "CBM 137 Extra"]
[Source "ChessBase"]
[SourceDate "2010.09.01"]
[SourceVersion "1"]
[SourceVersionDate "2010.09.01"]
[SourceQuality "1"]

1. e4 c5 2. Nf3 Nc6 3. d4 cxd4 4. Nxd4 d6 5. Nc3 Nf6 6. Be2 g6 7. Be3 Bg7 8. Qd2 Ng4 9. Bxg4 Bxg4 10. f3 Be6 11. 0-0 a6 12. Nd5 Bxd5 13. exd5 Ne5 14. b3 0-0 15. h3 Rc8 16. Rac1 Re8 17. f4 Nd7 18. f5 Ne5 19. Kh1 Qd7 20. fxg6 hxg6 21. Bh6 Bh8 22. Bg5 Rc5 23. Nf3 b5 24. Be3 Rc7 25. Qf2 Qf5 26. Nxe5 Qxf2 27. Rxf2 Bxe5 28. c4 bxc4 29. Rxc4 Rxc4 30. bxc4 Rb8 31. g4 Rb4 32. Rc2 1/2-1/2

[Event "Girona op 1st"]
[Site "Girona"]
[Date "2010.07.17"]
[Round "5"]
[White "Genover Rodriguez, Ignasi"]
[Black "Mayo Casademont, Andreu"]
[Result "1/2-1/2"]
[WhiteElo "1758"]
[BlackElo "2018"]
[PlyCount "70"]
[EventDate "2010.07.13"]
[EventType "swiss"]
[EventRounds "9"]
[EventCountry "ESP"]
[SourceTitle "CBM 137 Extra"]
[Source "ChessBase"]
[SourceDate "2010.09.01"]
[SourceVersion "1"]
[SourceVersionDate "2010.09.01"]
[SourceQuality "1"]

1. e4 c5 2. Nf3 Nc6 3. d4 cxd4 4. Nxd4 Nf6 5. Nc3 e5 6. Ndb5 d6 7. Nd5 Nxd5 8. exd5 Nb8 9. a4 Be7 10. Be2 0-0 11. Be3 a6 12. Na3 Bg5 13. Nc4 Bxe3 14. fxe3 b6 15. 0-0 f5 16. Qd2 a5 17. b4 Rf6 18. bxa5 bxa5 19. Rab1 Nd7 20. Na3 Nc5 21. Bb5 Ra7 22. c4 Raf7 23. Nc2 Rh6 24. g3 Ne4 25. Qd1 Qg5 26. Rb2 Rh3 27. Rf3 Qh5 28. Qe2 Nxg3 29. Qf2 Ne2+ 30. Qxe2 Rxf3 31. Ne1 Qg5+ 32. Kh1 Rxe3 33. Qd2 Qf4 34. c5 dxc5 35. Ng2 Qd4 1/2-1/2

[Event "Girona op 1st"]
[Site "Girona"]
[Date "2010.07.15"]
[Round "3"]
[White "Genover Rodriguez, Ignasi"]
[Black "Cano Egea, Joan Manuel"]
[Result "1-0"]
[WhiteElo "1758"]
[BlackElo "1441"]
[PlyCount "46"]
[EventDate "2010.07.13"]
[EventType "swiss"]
[EventRounds "9"]
[EventCountry "ESP"]
[SourceTitle "CBM 137 Extra"]
[Source "ChessBase"]
[SourceDate "2010.09.01"]
[SourceVersion "1"]
[SourceVersionDate "2010.09.01"]
[SourceQuality "1"]

1. e4 e5 2. Nf3 Nc6 3. d4 exd4 4. Nxd4 Bb4+ 5. c3 Bc5 6. Nb3 Bb6 7. a4 a5 8. Na3 Qf6 9. Qe2 d6 10. Nc4 Ba7 11. Be3 Bxe3 12. Qxe3 Be6 13. f4 Qd8 14. Nd4 Nxd4 15. Qxd4 Nf6 16. 0-0-0 d5 17. Qe5 0-0 18. f5 Ng4 19. Qf4 Qh4 20. Ne5 Qf2 21. Qxg4 Qe3+ 22. Kb1 Bc8 23. Rxd5 b6 1-0